[Event "SWE-chT 1415 Elite"]
[Site "Sweden"]
[Date "2015.01.17"]
[Round "4"]
[White "Semcesen, Daniel"]
[Black "Ali, Ghazi Al Saadi"]
[Result "1-0"]
[WhiteElo "2471"]
[BlackElo "2127"]
[PlyCount "99"]
[EventDate "2014.11.21"]
[EventType "team-tourn"]
[EventRounds "9"]
[EventCountry "SWE"]
[SourceTitle "EXT 2016"]
[Source "ChessBase"]
[SourceDate "2015.10.08"]
[SourceVersion "1"]
[SourceVersionDate "2015.10.08"]
[SourceQuality "1"]
[WhiteTeam "Lunds"]
[BlackTeam "Eksjo"]
[WhiteTeamCountry "SWE"]
[BlackTeamCountry "SWE"]

1. d4 Nf6 2. c4 c5 3. d5 b5 4. Nf3 Bb7 5. Qc2 g6 6. e4 d6 7. cxb5 Bg7 8. Nc3 0-0 9. Be2 a6 10. 0-0 axb5 11. Bxb5 Na6 12. Qe2 Nc7 13. Bd3 Qd7 14. Bd2 Rfb8 15. Rab1 Qd8 16. b3 Nd7 17. a4 Ba6 18. Rfc1 Rb7 19. Be3 Bxd3 20. Qxd3 Rab8 21. Nd2 h6 22. h3 Rb6 23. Qf1 Qc8 24. f3 Qa6 25. Qxa6 Rxa6 26. Kf1 Kf8 27. Ke2 Ke8 28. Nc4 Bxc3 29. Rxc3 Rxa4 30. bxa4 Rxb1 31. Bxh6 Nb6 32. Nxb6 Rxb6 33. Bd2 Ra6 34. Ra3 e6 35. dxe6 fxe6 36. a5 Nb5 37. Ra2 Kd7 38. h4 d5 39. g4 c4 40. Bb4 d4 41. f4 e5 42. f5 gxf5 43. exf5 e4 44. g5 c3 45. g6 Ke8 46. Ra1 d3+ 47. Ke3 Nd6 48. Bxc3 Nxf5+ 49. Kxe4 Nxh4 50. g7 1-0

[Event "Asia Clubs"]
[Site "Al Ain"]
[Date "2014.06.24"]
[Round "4.4"]
[White "Ali, Ghazi Al Saadi"]
[Black "Sengupta, Deep"]
[Result "0-1"]
[WhiteElo "2122"]
[BlackElo "2536"]
[PlyCount "72"]
[EventDate "2014.06.21"]
[EventType "team-tourn"]
[EventRounds "7"]
[EventCountry "UAE"]
[SourceTitle "CBM 161 Extra"]
[Source "ChessBase"]
[SourceDate "2014.08.29"]
[SourceVersion "1"]
[SourceVersionDate "2014.08.29"]
[SourceQuality "1"]
[WhiteTeam "Iraq Communication"]
[BlackTeam "India PSPB"]
[WhiteTeamCountry "IRQ"]
[BlackTeamCountry "IND"]

1. e4 e6 2. d4 d5 3. Nd2 Nf6 4. e5 Nfd7 5. Bd3 c5 6. c3 Nc6 7. Ngf3 g6 8. 0-0 Bg7 9. Re1 0-0 10. Nf1 cxd4 11. cxd4 Qb6 12. Bb1 f6 13. exf6 Nxf6 14. Re3 Bd7 15. h3 Rac8 16. N1h2 a6 17. Rb3 Qa7 18. Be3 Na5 19. Rc3 Nc4 20. b3 Nxe3 21. Rxe3 Qb6 22. Re1 Rc3 23. Bd3 Bb5 24. Bxb5 axb5 25. Ne5 Ne4 26. Rxe4 dxe4 27. Nd7 Qxd4 28. Qxd4 Bxd4 29. Nxf8 Rc2 30. Rf1 Kxf8 31. a4 b4 32. Ng4 Rb2 33. Re1 Rxb3 34. Rxe4 Bg7 35. Rxe6 Rb1+ 36. Kh2 b3 0-1

[Event "Arab-ch League 4th"]
[Site "Doha"]
[Date "2002.03.03"]
[Round "2"]
[White "Kuzmin, Alexey"]
[Black "Ali, Ghazi Al Saadi"]
[Result "1/2-1/2"]
[WhiteElo "2568"]
[BlackElo "2304"]
[PlyCount "87"]
[EventDate "2002.03.02"]
[EventType "team"]
[EventRounds "11"]
[EventCountry "QAT"]
[SourceTitle "CBM 087 Extra"]
[Source "ChessBase"]
[SourceDate "2002.05.03"]
[SourceVersion "2"]
[SourceVersionDate "2002.08.09"]
[SourceQuality "1"]

1. d4 Nf6 2. c4 c5 3. d5 b5 4. cxb5 g6 5. Nc3 Bg7 6. e4 d6 7. Nf3 0-0 8. Bd3 a6 9. 0-0 axb5 10. Nxb5 Ba6 11. Re1 Nbd7 12. a4 Ne8 13. Rb1 Nc7 14. Bd2 Bxb5 15. axb5 Nb6 16. Qc2 Qd7 17. b4 c4 18. Bxc4 Rfc8 19. Bf1 Nxb5 20. Qb3 Rab8 21. Rbc1 Nd4 22. Nxd4 Bxd4 23. Qd3 Bb2 24. Rxc8+ Qxc8 25. Rb1 Bg7 26. Rc1 Qd8 27. Rc6 Nd7 28. f4 h6 29. h3 Ra8 30. Be2 Nb8 31. Be3 g5 32. g3 gxf4 33. gxf4 Nxc6 34. dxc6 Qc8 35. Kg2 Qxc6 36. b5 Qc3 37. Qxc3 Bxc3 38. b6 Ra2 39. Kf3 Rb2 40. Ba6 Ba5 41. b7 Bc7 42. Bd4 Rb3+ 43. Ke2 Bb8 44. e5 1/2-1/2